The return of Rafe MacKade (Record no. 32613)

MARC details
000 -LEADER
fixed length control field 00538nam a2200157 a 4500
008 - FIXED-LENGTH DATA ELEMENTS--GENERAL INFORMATION
fixed length control field 160831s1995 ||||||||||||||||| || u
020 ## - INTERNATIONAL STANDARD BOOK NUMBER
International Standard Book Number 9780263904543
050 ## - LIBRARY OF CONGRESS CALL NUMBER
Classification number PS 3568.O24R4
100 ## - MAIN ENTRY--PERSONAL NAME
Personal name Roberts, Nora
245 14 - TITLE STATEMENT
Title The return of Rafe MacKade
Statement of responsibility, etc. By Nora Roberts
260 ## - PUBLICATION, DISTRIBUTION, ETC.
Place of publication, distribution, etc. Surrey
Name of publisher, distributor, etc. Mills & Boon
Date of publication, distribution, etc. 1995
300 ## - PHYSICAL DESCRIPTION
Extent 315 p.
350 ## -
-- 9.27
650 ## - SUBJECT ADDED ENTRY--TOPICAL TERM
Topical term or geographic name entry element ENGLISH LANGUAGE
995 ## -
-- FICTION Collection
-- 746915
-- CBU-SCHOOL OF MEDICINE LIBRARY (Ndola)
-- 9.27
-- PS 3568.O24R4
-- 1
-- AVAILABLE
-- Sep 27, 2016
-- 746915
-- Fiction Collection
999 ## -
-- 32613
-- 32613
Holdings
Withdrawn status Lost status Source of classification or shelving scheme Damaged status Not for loan Permanent Location Current Location Shelving location Date acquired Total Checkouts Full call number Barcode Date last seen Date last checked out Price effective from Koha item type
          CBU-SCHOOL OF MEDICINE LIBRARY, NDOLA. CBU-SCHOOL OF MEDICINE LIBRARY, NDOLA.   11/30/2022 2 PS 3568.O24R4 746915 06/12/2025 06/02/2025 11/30/2022 MONOGRAPH